000 00654nam a2200277Ia 4500
005 20260324143131.0
008 008 260324s9999 xx 000 0 eng d
020 _a9781315835969
037 _aEBOOK
040 _aCRL
040 _beng
040 _cCRL
041 _2eng
041 _aeng
084 _qCRL
100 _aCelia Roberts; Evelyn Davies; Tom Jupp
_91214509
245 0 _aLanguage and Discrimination
260 _bTaylor and Francis
260 _c1993
365 _a
365 _b300
856 _uhttp://www.taylorfrancis.com/books/9781315835969
942 _cEBOOK
999 _c1819557
_d1819557